| 000 | 00821nam a22002297a 4500 | ||
|---|---|---|---|
| 999 |
_c20940 _d20940 |
||
| 003 | AR-CdUCM | ||
| 008 | 190408b ||||| |||| 00| 0 spa d | ||
| 040 |
_aMUNICIPALIDAD PROVINCIAL DEL CUSCO _cBIBLIOTECA MUNICIPAL DEL CUSCO |
||
| 082 |
_aEP / 370.114 / _bC23 |
||
| 100 |
_aCalero Perez, Mavilo _943688 |
||
| 245 |
_aEducándonos en valores : _bLibro de lectura formativa / |
||
| 260 |
_aLima : _bSan Marcos, |
||
| 300 |
_a144 páginas ; _bIlustraciones, _c32 cm. |
||
| 500 | _aPrimer ciclo de educación primaria | ||
| 505 | _aContenido : Carta al niño lector -- Educando en valores -- Vive tu libertad -- Colaboro en casa... | ||
| 650 |
_aReglas de convivencia _943689 |
||
| 650 |
_aValores _95705 |
||
| 650 |
_aReligión _91195 |
||
| 650 |
_aEducación primaria _91561 |
||
| 942 |
_2ddc _cLIBROS |
||
| 945 | _arcc | ||